[Event "Bundesliga 2223"]
[Site "Germany"]
[Date "2023.02.04"]
[Round "5.5"]
[White "Grigorian, Spartak"]
[Black "Michalik, Peter"]
[Result "1/2-1/2"]
[WhiteElo "2460"]
[BlackElo "2558"]
[PlyCount "65"]
[EventDate "2022.10.21"]
[EventType "team-tourn"]
[EventRounds "15"]
[EventCountry "GER"]
[SourceTitle "CBM 212 Extra"]
[Source "ChessBase"]
[SourceDate "2023.03.31"]
[SourceVersion "1"]
[SourceVersionDate "2023.03.31"]
[SourceQuality "1"]
[WhiteTeam "Werder Bremen"]
[BlackTeam "Dresden TU"]
[WhiteTeamCountry "GER"]
[BlackTeamCountry "GER"]

1. d4 Nf6 2. c4 e6 3. Nf3 d5 4. Nc3 c5 5. cxd5 cxd4 6. Qxd4 exd5 7. e4 dxe4 8. Qxd8+ Kxd8 9. Ng5 Be6 10. Nxe6+ fxe6 11. a3 Nc6 12. Bg5 h6 13. 0-0-0+ Ke7 14. Bxf6+ gxf6 15. Nxe4 Rd8 16. Rxd8 Nxd8 17. Bb5 a6 18. Ba4 f5 19. Nc5 Kf7 20. Nd3 Bd6 21. Re1 Kf6 22. f4 h5 23. Re3 h4 24. Rh3 Rh7 25. Kd2 b5 26. Bd1 Nc6 27. g3 Ne7 28. Bf3 Ng6 29. Ke3 Bf8 30. Bc6 Bh6 31. Be8 hxg3 32. hxg3 Nf8 33. Ke2 1/2-1/2

[Event "Maia op 6th"]
[Site "Maia"]
[Date "2022.08.26"]
[Round "1"]
[White "Grigorian, Spartak"]
[Black "Chirivi Castiblanco, Jenny Astrid"]
[Result "1-0"]
[WhiteElo "2469"]
[BlackElo "2111"]
[PlyCount "83"]
[EventDate "2022.08.26"]
[EventType "swiss"]
[EventRounds "9"]
[EventCountry "POR"]
[SourceTitle "CBM 210 Extra"]
[Source "ChessBase"]
[SourceDate "2022.11.30"]
[SourceVersion "1"]
[SourceVersionDate "2022.11.30"]
[SourceQuality "1"]

1. Nf3 Nf6 2. c4 c5 3. Nc3 Nc6 4. g3 d6 5. Bg2 g6 6. d4 cxd4 7. Nxd4 Bd7 8. Nc2 Bg7 9. 0-0 0-0 10. Bd2 Rc8 11. b3 a6 12. Rc1 Qc7 13. h3 Qb8 14. a4 b6 15. Bg5 h6 16. Be3 Kh7 17. Na3 Na5 18. Qc2 Bc6 19. Bxc6 Nxc6 20. Rfd1 Qb7 21. Qb1 Nb4 22. Nc2 Nxc2 23. Rxc2 Rfd8 24. Nd5 Nxd5 25. Rxd5 Rc7 26. Rcd2 Rdc8 27. h4 Be5 28. f4 Bc3 29. Rd1 Bb4 30. f5 Bc5 31. Bxc5 Rxc5 32. fxg6+ fxg6 33. Rf1 Rg8 34. Rf7+ Rg7 35. h5 Rxf7 36. Qxg6+ Kh8 37. Qxf7 Rxd5 38. Qf8+ Kh7 39. Qf7+ Kh8 40. cxd5 Qc8 41. Kg2 Qg8 42. Qxg8+ 1-0

[Event "Bundesliga 2122"]
[Site "Germany"]
[Date "2022.07.08"]
[Round "12.5"]
[White "Ribli, Zoltan"]
[Black "Grigorian, Spartak"]
[Result "1/2-1/2"]
[WhiteElo "2523"]
[BlackElo "2472"]
[PlyCount "74"]
[EventDate "2022.03.05"]
[EventType "team-tourn"]
[EventRounds "15"]
[EventCountry "GER"]
[SourceTitle "CBM 209 Extra"]
[Source "ChessBase"]
[SourceDate "2022.09.30"]
[SourceVersion "1"]
[SourceVersionDate "2022.09.30"]
[SourceQuality "1"]
[WhiteTeam "Bayern Muenchen"]
[BlackTeam "Werder Bremen"]
[WhiteTeamCountry "GER"]
[BlackTeamCountry "GER"]

1. Nf3 Nf6 2. g3 b5 3. Bg2 Bb7 4. 0-0 c5 5. d3 e6 6. e4 d6 7. a4 b4 8. Nbd2 Be7 9. Nc4 Nc6 10. a5 Rc8 11. a6 Ba8 12. c3 0-0 13. Bd2 d5 14. exd5 Nxd5 15. Qc2 Bf6 16. Rfe1 h6 17. Nfe5 Qc7 18. Ng4 Be7 19. Qd1 Rfd8 20. Qe2 Bf8 21. h4 Nb6 22. Bf4 Qe7 23. Nxb6 axb6 24. Ne5 Nxe5 25. Bxe5 Bxg2 26. Kxg2 f6 27. Bf4 e5 28. Be3 Ra8 29. cxb4 Rxa6 30. bxc5 bxc5 31. Qc2 Rb6 32. Kh2 Qf7 33. Bxc5 Bxc5 34. Qxc5 Rxb2 35. Ra7 Rb7 36. Rea1 Rxa7 37. Rxa7 Qf8 1/2-1/2

[Event "Bundesliga 2122"]
[Site "Germany"]
[Date "2022.07.07"]
[Round "11.5"]
[White "Radovanovic, Nikola"]
[Black "Grigorian, Spartak"]
[Result "1/2-1/2"]
[WhiteElo "2419"]
[BlackElo "2472"]
[PlyCount "91"]
[EventDate "2022.03.05"]
[EventType "team-tourn"]
[EventRounds "15"]
[EventCountry "GER"]
[SourceTitle "CBM 209 Extra"]
[Source "ChessBase"]
[SourceDate "2022.09.30"]
[SourceVersion "1"]
[SourceVersionDate "2022.09.30"]
[SourceQuality "1"]
[WhiteTeam "Muenchen 36"]
[BlackTeam "Werder Bremen"]
[WhiteTeamCountry "GER"]
[BlackTeamCountry "GER"]

1. e4 c5 2. Nf3 d6 3. d4 cxd4 4. Qxd4 Nf6 5. Be2 Nc6 6. Qe3 g6 7. 0-0 Bg7 8. h3 0-0 9. Rd1 Nd7 10. Nc3 Nde5 11. Nxe5 Bxe5 12. Nd5 e6 13. Nc3 Qe7 14. Qd3 Nb4 15. Qd2 Rd8 16. a3 Nc6 17. Qd3 b6 18. Be3 Bb7 19. Qd2 Rac8 20. Rac1 Na5 21. Bd4 Qf6 22. Bxe5 dxe5 23. Qe3 Rd4 24. Bd3 Nc4 25. Bxc4 Rcxc4 26. f3 Ba6 27. Rd2 Rc7 28. Rcd1 Rcd7 29. Ne2 Rxd2 30. Rxd2 Qd8 31. Rxd7 Qxd7 32. Nc3 Kg7 33. Kf2 Qd6 34. Ke1 h6 35. Nd1 f5 36. Qc3 Kf6 37. Nf2 Qd4 38. Qxd4 exd4 39. g3 g5 40. exf5 Kxf5 41. Ne4 h5 42. Nd6+ Ke5 43. Nf7+ Kf6 44. Nd6 Ke5 45. Nf7+ Kf6 46. Nd6 1/2-1/2

[Event "Menorca op 1st"]
[Site "Ciutadella de Menorca"]
[Date "2022.04.21"]
[Round "3"]
[White "Grigorian, Spartak"]
[Black "Adhiban, Baskaran"]
[Result "0-1"]
[WhiteElo "2470"]
[BlackElo "2633"]
[PlyCount "64"]
[EventDate "2022.04.20"]
[EventType "swiss"]
[EventRounds "7"]
[EventCountry "ESP"]
[SourceTitle "CBM 207 Extra"]
[Source "ChessBase"]
[SourceDate "2022.05.31"]
[SourceVersion "1"]
[SourceVersionDate "2022.05.31"]
[SourceQuality "1"]

1. d4 Nf6 2. c4 e6 3. Nc3 Bb4 4. e3 c5 5. Nf3 Nc6 6. Bd3 Bxc3+ 7. bxc3 d6 8. 0-0 e5 9. Nd2 0-0 10. Rb1 b6 11. Qc2 Bb7 12. Ne4 Nxe4 13. Bxe4 Qh4 14. g3 Qh5 15. f4 exd4 16. Qg2 Rac8 17. cxd4 cxd4 18. Rb5 f5 19. exd4 Kh8 20. Bb2 Qg6 21. Bf3 Qe8 22. g4 Qe3+ 23. Kh1 fxg4 24. Bxg4 Rce8 25. Bd7 Qxf4 26. Rg1 Nxd4 27. Qxb7 Re2 28. Rh5 Rxb2 29. Bc6 Qf6 30. Be4 h6 31. Rh3 Rf2 32. Rhg3 Ne2 0-1

[Event "Bundesliga 2122"]
[Site "Germany"]
[Date "2022.03.05"]
[Round "1.7"]
[White "Movsesian, Sergei"]
[Black "Grigorian, Spartak"]
[Result "1/2-1/2"]
[WhiteElo "2609"]
[BlackElo "2472"]
[PlyCount "47"]
[EventDate "2022.03.05"]
[EventType "team-tourn"]
[EventRounds "15"]
[EventCountry "GER"]
[SourceTitle "EXT 2023"]
[Source "ChessBase"]
[SourceDate "2022.10.05"]
[SourceVersion "1"]
[SourceVersionDate "2022.10.05"]
[SourceQuality "1"]
[WhiteTeam "Baden-Baden"]
[BlackTeam "Werder Bremen"]
[WhiteTeamCountry "GER"]
[BlackTeamCountry "GER"]

1. e4 c5 2. Nc3 d6 3. Nge2 Nf6 4. d4 cxd4 5. Nxd4 a6 6. g3 e5 7. Nde2 Be7 8. Bg2 b5 9. a4 b4 10. Nd5 Nxd5 11. Qxd5 Ra7 12. Be3 Be6 13. Qd3 Rb7 14. 0-0 0-0 15. b3 Qd7 16. f4 f6 17. f5 Bf7 18. g4 Rc8 19. Rac1 Rc6 20. Qd2 Qc8 21. c4 bxc3 22. Nxc3 Rxb3 23. Nd5 Bd8 24. g5 1/2-1/2

[Event "Titled Tuesday intern op 16th Nov"]
[Site "Chess.com INT"]
[Date "2021.11.16"]
[Round "7"]
[White "Grigorian, Spartak"]
[Black "Kovacs, Klara"]
[Result "1-0"]
[WhiteElo "2475"]
[BlackElo "2197"]
[PlyCount "83"]
[EventDate "2021.11.16"]
[EventType "swiss (blitz)"]
[EventRounds "11"]
[EventCountry "USA"]
[SourceTitle "CBM 205 Extra"]
[Source "ChessBase"]
[SourceDate "2022.01.31"]
[SourceVersion "1"]
[SourceVersionDate "2022.01.31"]
[SourceQuality "1"]

1. d4 e6 2. c4 Nf6 3. Nf3 d5 4. g3 dxc4 5. Bg2 Bd7 6. 0-0 Bc6 7. Nbd2 Be7 8. Nxc4 Nbd7 9. Bf4 Nb6 10. Nce5 Bd5 11. b3 0-0 12. Rc1 Nh5 13. Qd3 Nxf4 14. gxf4 Rc8 15. e4 f6 16. exd5 fxe5 17. dxe6 exf4 18. Ne5 c6 19. Be4 Rf6 20. Bxh7+ Kf8 21. Bg6 Bd6 22. Qh3 Bxe5 23. Qh8+ Ke7 24. Qxg7+ Kxe6 25. dxe5 Rf8 26. Bh5 Rg8 27. Bg4+ Kd5 28. Rfd1+ Ke4 29. f3+ Ke3 30. Re1+ Kd2 31. Qh6 Qd4+ 32. Kg2 Rxg4+ 33. fxg4 Qd5+ 34. Kg1 Qd4+ 35. Kf1 Qd3+ 36. Kf2 Qd4+ 37. Kf3 Qd5+ 38. Kxf4 Qd3 39. Red1+ Ke2 40. Rxd3 Kxd3 41. Qg6+ Kd2 42. Qc2# 1-0

[Event "Titled Tuesday intern op 14th Sept"]
[Site "Chess.com INT"]
[Date "2021.09.14"]
[Round "4"]
[White "Grigorian, Spartak"]
[Black "Lopez del Alamo, Antonio"]
[Result "1-0"]
[WhiteElo "2455"]
[BlackElo "2275"]
[PlyCount "63"]
[EventDate "2021.09.14"]
[EventType "swiss (blitz)"]
[EventRounds "11"]
[EventCountry "USA"]
[SourceTitle "EXT 2022"]
[Source "ChessBase"]
[SourceDate "2021.10.06"]
[SourceVersion "1"]
[SourceVersionDate "2021.10.06"]
[SourceQuality "1"]

1. e4 c5 2. Nf3 e6 3. b3 Nc6 4. Bb2 d6 5. Bb5 Bd7 6. 0-0 Nf6 7. Re1 Be7 8. c4 0-0 9. Nc3 a6 10. Bxc6 Bxc6 11. d4 cxd4 12. Nxd4 Rc8 13. Qd2 Qc7 14. Rad1 Rfd8 15. h3 Qb8 16. Nd5 Bxd5 17. exd5 e5 18. Nf5 Bf8 19. f4 Re8 20. fxe5 dxe5 21. Qg5 Qc7 22. d6 Qc5+ 23. Kh1 Nd7 24. Nh6+ Kh8 25. Nxf7+ Kg8 26. Nxe5 Nxe5 27. Rxe5 Rxe5 28. Qxe5 Qxe5 29. Bxe5 Rd8 30. d7 Kf7 31. Bc7 Bc5 32. Bxd8 1-0

[Event "Titled Tuesday intern op 14th Sept"]
[Site "Chess.com INT"]
[Date "2021.09.14"]
[Round "6"]
[White "Perez Gormaz, Matias Ariel"]
[Black "Grigorian, Spartak"]
[Result "1-0"]
[WhiteElo "2404"]
[BlackElo "2455"]
[PlyCount "75"]
[EventDate "2021.09.14"]
[EventType "swiss (blitz)"]
[EventRounds "11"]
[EventCountry "USA"]
[SourceTitle "EXT 2022"]
[Source "ChessBase"]
[SourceDate "2021.10.06"]
[SourceVersion "1"]
[SourceVersionDate "2021.10.06"]
[SourceQuality "1"]

1. e4 c6 2. d4 d5 3. e5 c5 4. dxc5 Nc6 5. Nf3 e6 6. Be3 Nge7 7. Bb5 Nf5 8. Bd4 Bd7 9. Bxc6 Bxc6 10. 0-0 a5 11. c3 a4 12. Na3 Nxd4 13. cxd4 b6 14. Rc1 bxc5 15. dxc5 Be7 16. Nd4 Qd7 17. f4 g6 18. Kh1 0-0 19. Qd2 Rfb8 20. g4 Qb7 21. f5 Bf8 22. fxe6 fxe6 23. Rf2 Bg7 24. Re1 Re8 25. Nac2 Rab8 26. b3 axb3 27. axb3 Qc7 28. Qe3 Rb7 29. b4 Bb5 30. h3 Bc4 31. Qf4 Rf8 32. Qe3 Rxf2 33. Qxf2 Bxe5 34. Nxe6 Qb8 35. Rxe5 Rf7 36. Qe3 Rf1+ 37. Kg2 Qxb4 38. Nxb4 1-0

[Event "Titled Tuesday intern op 14th Sept"]
[Site "Chess.com INT"]
[Date "2021.09.14"]
[Round "8"]
[White "Przybylski, Wojciech"]
[Black "Grigorian, Spartak"]
[Result "0-1"]
[WhiteElo "2321"]
[BlackElo "2455"]
[PlyCount "108"]
[EventDate "2021.09.14"]
[EventType "swiss (blitz)"]
[EventRounds "11"]
[EventCountry "USA"]
[SourceTitle "EXT 2022"]
[Source "ChessBase"]
[SourceDate "2021.10.06"]
[SourceVersion "1"]
[SourceVersionDate "2021.10.06"]
[SourceQuality "1"]

1. d4 d5 2. c4 c6 3. Nf3 e6 4. e3 Bd6 5. cxd5 exd5 6. Bd3 Bg4 7. h3 Bh5 8. Nc3 Nd7 9. Qc2 Ngf6 10. Bd2 Qe7 11. 0-0-0 Bg6 12. Rhe1 Bxd3 13. Qxd3 Ne4 14. Re2 f5 15. Be1 0-0-0 16. Nd2 Kb8 17. Nb3 Nb6 18. f3 Nxc3 19. Bxc3 Nc4 20. e4 fxe4 21. fxe4 Qg5+ 22. Kb1 Rhf8 23. e5 Be7 24. Nd2 b5 25. Nf3 Qf5 26. Kc2 h5 27. Be1 g5 28. Qxf5 Rxf5 29. Nh2 Rdf8 30. b3 Nb6 31. Kd3 Nd7 32. Rc1 c5 33. dxc5 Nxc5+ 34. Kd4 Ne6+ 35. Ke3 d4+ 36. Kd2 Nf4 37. Rf2 Rxe5 38. Nf3 Bb4+ 39. Kd1 Bxe1 40. Nxe1 Rxe1+ 41. Kxe1 Nd3+ 42. Kd2 Nxf2 43. Rc6 g4 44. hxg4 Nxg4 45. Kd3 Ne5+ 46. Kxd4 Nxc6+ 47. Kd5 Rg8 48. Kxc6 Rxg2 49. Kxb5 h4 50. a4 h3 51. b4 h2 52. Ka6 h1Q 53. b5 Rg6+ 54. Ka5 Qe1# 0-1

[Event "EU-ch 21st"]
[Site "Reykjavik"]
[Date "2021.09.03"]
[Round "9"]
[White "Dragnev, Valentin"]
[Black "Grigorian, Spartak"]
[Result "0-1"]
[WhiteElo "2557"]
[BlackElo "2448"]
[PlyCount "108"]
[EventDate "2021.08.26"]
[EventType "swiss"]
[EventRounds "11"]
[EventCountry "ISL"]
[SourceTitle "CBM 204"]
[Source "ChessBase"]
[SourceDate "2021.10.31"]
[SourceVersion "1"]
[SourceVersionDate "2021.10.31"]
[SourceQuality "1"]

1. e4 c5 2. Nf3 d6 3. d4 cxd4 4. Nxd4 Nf6 5. Nc3 a6 6. Bd3 e5 7. Nde2 Be7 8. 0-0 b5 9. a4 b4 10. Nd5 Nxd5 11. exd5 0-0 12. Bd2 a5 13. c3 bxc3 14. Nxc3 f5 15. Rc1 Na6 16. f4 Nc5 17. Bc4 Ba6 18. Nb5 Ne4 19. Kh1 Bf6 20. Rc2 Qb6 21. Qe1 Nxd2 22. Qxd2 exf4 23. Na3 Rac8 24. Bxa6 Qxa6 25. Nb5 Be5 26. Rfc1 Rxc2 27. Rxc2 Qb6 28. b3 Re8 29. Nc7 Rc8 30. Ne6 Rb8 31. Qc1 Qxb3 32. Ng5 Qb7 33. h4 h6 34. Rc7 Qa8 35. Ne6 Re8 36. Rc6 Qa7 37. Rc8 Qd7 38. Rxe8+ Qxe8 39. Qc6 Qe7 40. Qc8+ Kf7 41. Kg1 g5 42. h5 g4 43. Kf1 f3 44. gxf3 gxf3 45. Qa8 Bc3 46. Qb8 Bg7 47. Qb3 Qf6 48. Qb7+ Kg8 49. Nxg7 Qe5 50. Qc8+ Kxg7 51. Kf2 Qe2+ 52. Kg3 Qg2+ 53. Kf4 Qg4+ 54. Ke3 f4+ 0-1

[Event "EU-ch 21st"]
[Site "Reykjavik"]
[Date "2021.09.01"]
[Round "7"]
[White "Yilmaz, Mustafa"]
[Black "Grigorian, Spartak"]
[Result "1-0"]
[WhiteElo "2630"]
[BlackElo "2448"]
[PlyCount "78"]
[EventDate "2021.08.26"]
[EventType "swiss"]
[EventRounds "11"]
[EventCountry "ISL"]
[SourceTitle "CBM 204"]
[Source "ChessBase"]
[SourceDate "2021.10.31"]
[SourceVersion "1"]
[SourceVersionDate "2021.10.31"]
[SourceQuality "1"]

1. d4 Nf6 2. c4 g6 3. Nc3 d5 4. Nf3 Bg7 5. Qb3 dxc4 6. Qxc4 a6 7. Bf4 b5 8. Qxc7 Qxc7 9. Bxc7 0-0 10. e3 Bb7 11. Bd3 Rc8 12. Bg3 Nbd7 13. 0-0 Nh5 14. Bh4 e5 15. Be4 Bxe4 16. Nxe4 Rc2 17. g4 f5 18. gxf5 gxf5 19. Nd6 e4 20. Ng5 h6 21. Ne6 Rc6 22. Nxg7 Nxg7 23. Bg3 Rc2 24. Rab1 Ra7 25. f3 Nf6 26. fxe4 Nxe4 27. Nxe4 fxe4 28. Rf2 Rc6 29. Rbf1 Ra8 30. Be5 Rg6+ 31. Rg2 Rxg2+ 32. Kxg2 Rc8 33. Rf6 Rc2+ 34. Kh3 Ne8 35. Rxh6 Rxb2 36. Rxa6 Kf7 37. Kg4 Re2 38. Kf4 Rxh2 39. Kxe4 b4 1-0

[Event "EU-ch 21st"]
[Site "Reykjavik"]
[Date "2021.08.31"]
[Round "6"]
[White "Grigorian, Spartak"]
[Black "Gretarsson, Hjorvar Steinn"]
[Result "1-0"]
[WhiteElo "2448"]
[BlackElo "2603"]
[PlyCount "79"]
[EventDate "2021.08.26"]
[EventType "swiss"]
[EventRounds "11"]
[EventCountry "ISL"]
[SourceTitle "CBM 204"]
[Source "ChessBase"]
[SourceDate "2021.10.31"]
[SourceVersion "1"]
[SourceVersionDate "2021.10.31"]
[SourceQuality "1"]

1. d4 e6 2. c4 b6 3. a3 Bb7 4. Nc3 f5 5. d5 Nf6 6. g3 Bd6 7. Bg2 Be5 8. Nb5 a6 9. Nd4 Bxd4 10. Qxd4 d6 11. Nf3 Qe7 12. dxe6 Be4 13. b4 Nc6 14. Qc3 0-0 15. Bb2 Rae8 16. 0-0 Nd8 17. a4 Nxe6 18. a5 b5 19. Rac1 bxc4 20. Qxc4 d5 21. Qc3 f4 22. b5 fxg3 23. hxg3 d4 24. Nxd4 Nd5 25. Qb3 Nxd4 26. Bxd4 Bxg2 27. Kxg2 Qe4+ 28. Kg1 Re6 29. Rc5 Rf5 30. Qd3 Qg4 31. bxa6 c6 32. a7 Rf8 33. Qf3 Rxf3 34. exf3 Qxd4 35. a8Q+ Kf7 36. Rxc6 Re5 37. Qb7+ Ne7 38. a6 Rg5 39. Kg2 Qd5 40. Re1 1-0

[Event "EU-ch 21st"]
[Site "Reykjavik"]
[Date "2021.08.28"]
[Round "3"]
[White "Romanov, Evgeny"]
[Black "Grigorian, Spartak"]
[Result "1-0"]
[WhiteElo "2594"]
[BlackElo "2448"]
[PlyCount "79"]
[EventDate "2021.08.26"]
[EventType "swiss"]
[EventRounds "11"]
[EventCountry "ISL"]
[SourceTitle "CBM 204"]
[Source "ChessBase"]
[SourceDate "2021.10.31"]
[SourceVersion "1"]
[SourceVersionDate "2021.10.31"]
[SourceQuality "1"]

1. e4 c5 2. Nf3 d6 3. Bb5+ Bd7 4. Bxd7+ Qxd7 5. 0-0 Nf6 6. Qe2 Nc6 7. c3 e6 8. d4 cxd4 9. cxd4 d5 10. e5 Ng8 11. Nbd2 Nge7 12. Nb3 Rc8 13. Bd2 Rc7 14. Rac1 Nc8 15. Ne1 Nb6 16. Nd3 Nc4 17. Bc3 b6 18. Qg4 g6 19. Rc2 Be7 20. Nd2 Nxd2 21. Rxd2 a5 22. Nf4 Nb4 23. Ra1 Rc4 24. Qg3 Qc6 25. h4 h5 26. a3 Na6 27. Rd3 a4 28. Rf3 Nc7 29. Bb4 Bxb4 30. axb4 Rc1+ 31. Rxc1 Qxc1+ 32. Kh2 Qxb2 33. Nxg6 Rg8 34. Qf4 Rg7 35. Qf6 Rxg6 36. Qxf7+ Kd8 37. Qf8+ Kd7 38. Qd6+ Kc8 39. Qc6 Qxb4 40. Rf7 1-0

[Event "EU-ch 21st"]
[Site "Reykjavik"]
[Date "2021.08.27"]
[Round "2"]
[White "Grigorian, Spartak"]
[Black "Parligras, Mircea Emilian"]
[Result "1/2-1/2"]
[WhiteElo "2448"]
[BlackElo "2591"]
[PlyCount "44"]
[EventDate "2021.08.26"]
[EventType "swiss"]
[EventRounds "11"]
[EventCountry "ISL"]
[SourceTitle "CBM 204"]
[Source "ChessBase"]
[SourceDate "2021.10.31"]
[SourceVersion "1"]
[SourceVersionDate "2021.10.31"]
[SourceQuality "1"]

1. d4 Nf6 2. c4 e6 3. Nf3 d5 4. g3 Bb4+ 5. Bd2 Be7 6. Bg2 0-0 7. 0-0 c6 8. Qc2 Nbd7 9. Rd1 b6 10. Bf4 Ba6 11. Ne5 Rc8 12. cxd5 Nxd5 13. Nc3 Nxe5 14. Bxe5 f6 15. Bf4 Nxf4 16. gxf4 f5 17. Qa4 Bb7 18. Qxa7 Qc7 19. Nb5 Qd7 20. Nc3 Qc7 21. Nb5 Qd7 22. Nc3 Qc7 1/2-1/2

[Event "EU-Cup Online Gr-C"]
[Site "Tornelo INT"]
[Date "2021.03.28"]
[Round "7.2"]
[White "Plat, Vojtech"]
[Black "Grigorian, Spartak"]
[Result "1-0"]
[WhiteElo "2555"]
[BlackElo "2458"]
[PlyCount "107"]
[EventDate "2021.03.27"]
[EventType "team-tourn (rapid)"]
[EventRounds "9"]
[EventCountry "NET"]
[SourceTitle "CBM 201 Extra"]
[Source "ChessBase"]
[SourceDate "2021.05.31"]
[SourceVersion "1"]
[SourceVersionDate "2021.05.31"]
[SourceQuality "1"]
[WhiteTeam "Cesky Lev"]
[BlackTeam "Werder Bremen"]
[WhiteTeamCountry "CZE"]
[BlackTeamCountry "GER"]

1. d4 Nf6 2. Nf3 g6 3. e3 Bg7 4. c4 0-0 5. Nbd2 b6 6. Bd3 Bb7 7. 0-0 e6 8. b3 c5 9. Bb2 Nc6 10. Rc1 Qe7 11. Bb1 Rac8 12. Re1 cxd4 13. exd4 d5 14. a3 Rfd8 15. c5 bxc5 16. dxc5 a5 17. Qe2 Ra8 18. Qb5 Qc7 19. Ne5 Nd7 20. f4 Ncxe5 21. fxe5 Ba6 22. Qa4 Nxe5 23. Bd4 Rdb8 24. Bf2 Nc6 25. Nf3 e5 26. Bg3 Bb5 27. Qh4 f6 28. Red1 Rd8 29. Ba2 Qf7 30. Rd2 e4 31. Ne1 g5 32. Qg4 h5 33. Qd1 Ne5 34. b4 Nd3 35. Nxd3 Bxd3 36. c6 f5 37. c7 f4 38. cxd8Q+ Rxd8 39. Bf2 Qf5 40. Rc5 axb4 41. axb4 Bf8 42. Rc3 Bxb4 43. Rcxd3 Bxd2 44. Rxd2 e3 45. Rxd5 exf2+ 46. Kxf2 Rxd5 47. Qxd5+ Qxd5 48. Bxd5+ Kg7 49. Kf3 Kf6 50. Ke4 Kg6 51. Ke5 Kh6 52. Kf5 g4 53. Kxf4 Kg6 54. Be6 1-0

[Event "EU-ch qual Online"]
[Site "Tornelo INT"]
[Date "2020.12.18"]
[Round "6"]
[White "Grigorian, Spartak"]
[Black "Banikas, Hristos"]
[Result "0-1"]
[WhiteElo "2433"]
[BlackElo "2602"]
[PlyCount "80"]
[EventDate "2020.12.18"]
[EventType "swiss"]
[EventRounds "11"]
[EventCountry "POL"]
[SourceTitle "CBM 199 Extra"]
[Source "ChessBase"]
[SourceDate "2021.01.31"]
[SourceVersion "1"]
[SourceVersionDate "2021.01.31"]
[SourceQuality "1"]

1. d4 Nf6 2. c4 g6 3. Nc3 Bg7 4. e4 d6 5. Nf3 0-0 6. Be2 e5 7. 0-0 Na6 8. Be3 Ng4 9. Bg5 Qe8 10. dxe5 dxe5 11. h3 h6 12. Bd2 Nf6 13. Be3 b6 14. Nd2 Bb7 15. Qc2 Nb4 16. Qb1 Nc6 17. Nd5 Nd4 18. Bd3 Qd8 19. f4 Nd7 20. fxe5 Ne6 21. Nf6+ Kh8 22. Nf3 Nxe5 23. Nxe5 Bxf6 24. Ng4 Bd4 25. Qc1 h5 26. Bxd4+ Qxd4+ 27. Nf2 Nc5 28. Bc2 Kg7 29. b4 Ne6 30. Bb3 c5 31. Qc2 cxb4 32. Rad1 Qc3 33. Qe2 Rad8 34. Nd3 Nd4 35. Qf2 Nxb3 36. axb3 Rxd3 37. Rxd3 Qxd3 38. Qf6+ Kg8 39. Rf5 Qxe4 40. Rg5 Re8 0-1

[Event "EU-ch qual Online"]
[Site "Tornelo INT"]
[Date "2020.12.18"]
[Round "8"]
[White "Marjanovic, Annamaria"]
[Black "Grigorian, Spartak"]
[Result "0-1"]
[WhiteElo "2338"]
[BlackElo "2433"]
[PlyCount "124"]
[EventDate "2020.12.18"]
[EventType "swiss"]
[EventRounds "11"]
[EventCountry "POL"]
[SourceTitle "CBM 199 Extra"]
[Source "ChessBase"]
[SourceDate "2021.01.31"]
[SourceVersion "1"]
[SourceVersionDate "2021.01.31"]
[SourceQuality "1"]

1. c4 e6 2. g3 d5 3. Bg2 Nf6 4. Nf3 d4 5. d3 c5 6. 0-0 Nc6 7. e3 h6 8. exd4 cxd4 9. Re1 Bb4 10. Nbd2 a5 11. a3 Be7 12. Ne5 Nxe5 13. Rxe5 Nd7 14. Re1 Nc5 15. Ne4 0-0 16. Rb1 Na6 17. f4 Bd7 18. Bd2 a4 19. Qc2 Bc6 20. Re2 Rc8 21. Nf2 Bxg2 22. Kxg2 b5 23. Rc1 Qb6 24. Kg1 Rfd8 25. Re4 Nc5 26. Ree1 Nb3 27. Rcd1 bxc4 28. dxc4 d3 29. Qc3 Bc5 30. Rf1 Bd4 31. Qb4 Nxd2 32. Qxb6 Bxb6 33. Rxd2 Be3 34. Rdd1 Rxc4 35. Kg2 Rc2 36. Kf3 Bb6 37. Nxd3 Rxh2 38. Rfe1 Rh5 39. Re2 Rhd5 40. Red2 Ba5 41. Rc2 Rxd3+ 42. Rxd3 Rxd3+ 43. Kg4 Rd2 44. Rc8+ Kh7 45. Ra8 Bb6 46. Rxa4 Rxb2 47. Ra8 f5+ 48. Kh3 Rb3 49. Kg2 Bc7 50. Ra7 Bd6 51. Ra6 Bxa3 52. Rxe6 Bb2 53. Rd6 Rb5 54. Rd3 Bf6 55. Rd2 Rb2 56. Rxb2 Bxb2 57. Kh3 Kg6 58. Kh4 Bd4 59. Kh3 Bf2 60. Kg2 Bxg3 61. Kxg3 Kh5 62. Kh3 g5 0-1

[Event "Aarhus Chess House"]
[Site "Aarhus"]
[Date "2020.12.05"]
[Round "8"]
[White "Grigorian, Spartak"]
[Black "Heimisson, Hilmir Freyr"]
[Result "1-0"]
[WhiteElo "2433"]
[BlackElo "2352"]
[PlyCount "89"]
[EventDate "2020.11.29"]
[EventType "tourn"]
[EventRounds "9"]
[EventCountry "DEN"]
[EventCategory "6"]
[SourceTitle "CBM 199 Extra"]
[Source "ChessBase"]
[SourceDate "2021.01.31"]
[SourceVersion "1"]
[SourceVersionDate "2021.01.31"]
[SourceQuality "1"]

1. d4 Nf6 2. c4 e6 3. Nc3 Bb4 4. e3 0-0 5. Bd2 d5 6. Nf3 c6 7. Bd3 Nbd7 8. 0-0 Re8 9. Nxd5 exd5 10. Bxb4 a5 11. Bc3 dxc4 12. Bxc4 b5 13. Be2 b4 14. Bd2 Bb7 15. a3 Qb6 16. axb4 axb4 17. Qb3 Nd5 18. Bc4 N7f6 19. Rfc1 Rxa1 20. Rxa1 c5 21. Qa4 cxd4 22. Nxd4 Qc7 23. Qb5 Nb6 24. Be2 Re5 25. Rc1 Qxc1+ 26. Bxc1 Rxb5 27. Bxb5 Bd5 28. f3 Ba2 29. Kf2 Nfd7 30. Bd2 b3 31. Ba5 Kf8 32. e4 g6 33. Ke2 Ke7 34. Kd2 Kd6 35. Kc3 f5 36. Nxb3 fxe4 37. fxe4 Ke5 38. Nd2 Be6 39. Kd3 Kf4 40. Kd4 h5 41. Nf3 Kg4 42. Be2 h4 43. Bd2 h3 44. Ne5+ Kh4 45. g3# 1-0